{"text_format":"3","workbook":"xlsx","n_sheets":1,"sheets":["breeding sites"],"not_rendered":{"defined_names":1},"read":"whole","date_system":"1900"}

{"sheet":"breeding sites","index":0,"n_rows":84,"n_cols":39,"rows_kept":84}
["Number database","Complete collection code","Country","Departament","Municipality","Neighborhood code \n(010:Obrero, 022:Los Ángeles, 023:Candamo, 024: Union Victoria, 015:11 de noviembre, 021:Ciudadela) ","Commune number","Block number according to project maps","Nearby housing (A, B, C, D)","Type of collection    (C: Hatchery)","Nearest house code","hatchery number","Total number of individuals collected","Altitude (meters)","Latitude","Longitude","Characterization date (yymmdd)","Intra domicile (Intra) and peri domicile (Peri)","Distance from the nearest house (meters)","Water movement (Co: current, ES: stagnant)","Pollution (AT: cloudy water, AC: clear water)","Salinity (D: sweet, S: brackish)","Hatchery class (L: pond/lake, CHA: puddle, EST: pond, Q: creek, EX: excavation, BR: bromeliad, O!: other/mention which)","Permanence of hatchery (T: temporary, P: permanent)","Abundance of predominant vegetation (N: null, M: medium, A: abundant)","Vegetation type (EM: emerging, CR: surrounding, FL: floating, 0: no vegetation)","Fauna (IN: insects, PC: fish, LA: amphibian larvae)","Shade (<20%, 20-80%, >80%)","Length (meter)","Width (meter)","Area (square meters)","Total number of pupae","Total number of larvae","Total immatures collected","Total de cucharonadas ","Number of collection points","Total number of individuals reviewed","Adults (A) or Larvae (L)","Genus / species"]
[1,"CNT022C1","Colombia","Nariño","Tumaco","022",5,1,"A","C","CNT022A",1,0,20,"01.79575","078.79562",20191011,"Peri",31,"ES","AC","D","EST","P","N",0,"IN","<20%",5,1,{"$f":"AC2*AD2","v":5},0,0,{"$f":"AG2+AF2","v":0},5,2,0,"A",0]
[2,"CNT022C1","Colombia","Nariño","Tumaco","022",5,1,"A","C","CNT022A",3,0,20,"01.79575","078.79562",20191011,"Peri",31,"ES","AC","D","EST","P","N",0,"IN","<20%",5,1,{"$f":"AC3*AD3","v":5},0,0,0,6,3,0,"A",0]
[3,"CNT022C1","Colombia","Nariño","Tumaco","022",5,1,"A","C","CNT022A",4,0,20,"01.79575","078.79562",20191011,"Peri",31,"ES","AC","D","EST","P","N",0,"IN","<20%",5,1,5,0,0,0,4,1,0,"A",0]
[4,"CNT022C1","Colombia","Nariño","Tumaco","022",5,1,"A","C","CNT022A",5,0,20,"01.79575","078.79562",20191011,"Peri",31,"ES","AC","D","EST","P","M","EM","IN","<20%",3,5,15,0,0,0,5,2,0,"A",0]
[5,"CNT022C1","Colombia","Nariño","Tumaco","022",5,1,"A","C","CNT022A",6,0,20,"01.79575","078.79562",20191011,"Peri",31,"ES","AC","D","EST","P","N",0,"IN","<20%",2,10,20,0,0,0,2,2,0,"A",0]
[6,"CNT022BC1","Colombia","Nariño","Tumaco","022",5,22,"B","C","CNT022B",1,0,22,"01.79595","078.79314",20161011,"Peri",1,"ES","AC","D","CHA","T","A","EM","IN","<20%",4,20,80,0,0,0,7,6,0,"A",0]
[7,"CNT019AC1","Colombia","Nariño","Tumaco","019",5,1,"A","C","CNT019A",1,0,8,"01.79805","078.78466",20191030,"Peri",5,"ES","AC","D","tire","T","N",0,"IN","<20%","0.5","0.5","0.25",0,25,0,1,1,0,0,0]
[8,"CNT015CC2","Colombia","Nariño","Tumaco","015",5,3,"C","C","CNT015C",2,0,-1,"01.80108","078.79110",20191025,"Peri",3,"ES","AC","D","EST","P","A","EM","IN","<20%",3.5,2.5,{"$f":"AC9*AD9","v":8.75},0,0,0,13,2,0,"A",0]
[9,"CNT023BC5-3","Colombia","Nariño","Tumaco","023",5,18,"B","C","CNT023B",5,3,7,"01.78226","078.78248",20191029,"Peri",2,"Es","AC","D","cistern","P","N",0,"IN","20-80%","1.5","1.5","2.25",0,3,3,3,1,1,"A","Aedes aegypti"]
[10,"CNT019CC4-6","Colombia","Nariño","Tumaco","019",5,27,"C","C","CNT019C",4,6,5,"01.79619","078.78172",20191030,"Peri",1,"ES","AC","D","Bucket","T","N",0,"IN","<20%","0.5","0.5","0.19",0,6,6,1,1,4,"A","Aedes aegypti"]
[11,"CNT019CC5-2","Colombia","Nariño","Tumaco","019",5,27,"C","C","CNT019C",5,2,5,"01.79619","078.78172",20191030,"Peri",1,"ES","AC","D","Bucket","P","N",0,"IN","<20%",1,1,1,0,2,2,8,1,2,"A","Culex sp"]
[12,"CNT019AC4-25","Colombia","Nariño","Tumaco","019",5,1,"A","C","CNT019A",4,25,5,"01.79814","078.78419",20191030,"Peri",2,"ES","AC","D","cistern","P","N",0,"IN","<20%","1.2","1.2","1.13",10,15,25,3,1,18,"A","Aedes aegypti"]
[13,"CNT010CC2-9","Colombia","Nariño","Tumaco","010",5,14,"C","C","CNT010C",2,9,12,"01.78796","078.79139",20191030,"Peri",6,"ES","AT","D","Ditch","P","M","EM","IN","20-80%",80,0.8,64,0,9,9,7,3,3,"A","Culex sp"]
[14,"CNT010CC4-12","Colombia","Nariño","Tumaco","010",5,14,"C","C","CNT010C",4,12,1,"01.78802","078.79089",20191030,"Peri",11,"ES","AC","D","CHA","P","A","EM","IN","<20%",2,"1.1","2.2",2,10,12,5,1,3,"A","Culex sp"]
[15,"CNT010BC1-8","Colombia","Nariño","Tumaco","010",5,9,"B","C","CNT010B",1,8,6,"01.78661","078.79140",20191030,"Peri",1,"ES","AC","D","CHA","T","M","EM","IN","20-80%","1.6","0.8","1.28",3,5,{"$f":"AG16+AF16","v":8},6,2,4,"A","Culex sp"]
[16,"CNT015DC4-21","Colombia","Nariño","Tumaco","015",5,4,"D","C","CNT015D",4,21,3,"01.80156","078.79236",20191025,"Peri",2,"ES","AC","D","CHA","T","M","EM","IN","<20%",2,4,8,0,21,21,9,3,12,"A","Culex sp"]
[17,"CNT015CC1-25","Colombia","Nariño","Tumaco","015",5,3,"C","C","CNT015D",1,25,-1,"01.80108","078.79110",20191025,"Peri",1,"ES","AC","D","CHA","T","M","EM","IN","<20%",5,8,40,0,25,25,12,3,11,"A","Culex sp"]
[18,"CNT023DC3-22","Colombia","Nariño","Tumaco","023",5,19,"D","C","CNT023D",3,22,7,"01.78313","078.78288",20191029,"Peri",3,"ES","AC","D","cistern","T","N",0,"IN","<20%","1.2","1.2","1.43",2,20,22,1,1,19,"A","Aedes aegypti"]
[19,"CNT021DC2-58","Colombia","Nariño","Tumaco","021",5,8,"D","C","CNT021D",2,58,3,"01.78688","078.78513",20191025,"Peri",10,"ES","AC","D","EST","P","M","EM","IN","<20%",90,"1.4",126,0,58,58,9,7,13,"A","Culex sp"]
[20,"CNT021BC4-1","Colombia","Nariño","Tumaco","021",5,10,"B","C","CNT021B",4,1,3,"01.78621","078.78262",20191017,"Peri",1,"ES","AC","D","Bucket","T","N","FL","IN","<20%","0.25","0.25","0.159",0,1,1,2,1,1,"A","Aedes aegypti"]
[21,"CNT022BC2-5","Colombia","Nariño","Tumaco","022",5,22,"B","C","CNT022B",2,5,22,"01.79595","078.79314",20191011,"Peri",1,"ES","AC","D","unusable container","T","N",0,"IN","<20%","0.15","0.15","0.017",0,5,5,1,1,5,"A","Aedes aegypti"]
[22,"CNT021AC1-5","Colombia","Nariño","Tumaco","021",5,10,"A","C","CNT021A",1,5,4,"01.78675","078.78250",20191025,"Peri",10,"ES","AC","D","canoe","T","N",0,0,"<20%","2.5","1.2",3,0,5,5,5,2,4,"A","Culicidae"]
[23,"CNT021BC1-22","Colombia","Nariño","Tumaco","021",5,10,"B","C","CNT021B",1,22,"4","01.78655","078.78222",20191025,"Peri",90,"ES","AC","D","Bucket","T","N",0,"IN","<20%","0.45",0.45,"0.15",0,22,22,0,0,2,"A","Aedes albopictus"]
[24,"CNT021BC2-28","Colombia","Nariño","Tumaco","021",5,10,"B","C","CNT021B",2,18,"4","01.78655","078.78222",20191025,"Peri",90,"ES","AC","D","Bucket","T","N",0,"IN","<20%","0.45",0.45,"0.15",0,18,{"$f":"AG25+AF25","v":18},0,0,3,"A","Aedes albopictus"]
[25,"CNT024DC6-26","Colombia","Nariño","Tumaco","024",5,12,"D","C","CNT024D",6,19,1,"01.79186","078.79355",20191029,"Peri",2,"ES","AC","D","EST","P","N",0,"IN","<20%",3,3,9,0,26,26,12,6,5,"A","Anopheles albimanus "]
[26,"CNT010AC1","Colombia","Nariño","Tumaco","010",5,8,"A","C","CNT010A",1,0,7,"01.78761","078.79146",20191030,"Peri",3,"ES","AT","D","Ditch","P","M","EM","IN","<20%",80,"0.8",64,0,0,0,8,5,0,"A",0]
[27,"CNT010CC3","Colombia","Nariño","Tumaco","010",5,14,"C","C","CNT010C",3,0,12,"01.78796","078.79139",20191030,"Peri",3,"ES","AT","D","Ditch","P","M","EM","IN","<20%",80,"0.8",64,0,0,{"$f":"AG28+AF28","v":0},4,2,0,"A",0]
[28,"CNT010CC5","Colombia","Nariño","Tumaco","010",5,14,"C","C","CNT010C",5,0,12,"01.78796","078.79139",20191030,"Peri",10,"ES","AC","D","CHA","T","M","EM","IN","<20%","3.5","1.5","5.25",0,0,0,6,1,0,"A",0]
[29,"CNT010CC6","Colombia","Nariño","Tumaco","010",5,14,"C","C","CNT010C",6,0,12,"01.78796","078.79139",20191030,"Peri",3,"ES","AC","D","Ditch","P","M","EM","IN","<20%",21,"0.9","18.9",0,0,{"$f":"AG30+AF30","v":0},4,2,0,"A",0]
[30,"CNT010CC7","Colombia","Nariño","Tumaco","010",5,14,"C","C","CNT010C",7,0,12,"01.78796","078.79139",20191030,"Peri",3,"ES","AT","D","Ditch","P","M","EM","IN","<20%",80,"0.8",64,0,0,{"$f":"AG31+AF31","v":0},5,4,0,"A",0]
[31,"CNT010BC2-6","Colombia","Nariño","Tumaco","010",5,9,"B","C","CNT010B",2,0,4,"01.78690","078.79140",20191030,"Peri",6,"ES","AC","D","water well","P","M","EM","IN","<20%","1.2","1.3","1.56",2,4,6,10,3,2,"L","Anopheles albimanus "]
[32,"CNT015DC3","Colombia","Nariño","Tumaco","015",5,4,"D","C","CNT015D",3,0,3,"01.80156","078.79236",20191025,"Peri",4,"ES","AC","D","unusable container","T","N",0,"IN","<20%","0.15","0.15","0.3",0,0,0,0,0,0,0,0]
[33,"CNT015DC5","Colombia","Nariño","Tumaco","015",5,4,"D","C","CNT015D",5,0,3,"01.80156","078.79236",20191025,"Peri",5,"ES","AC","D","CHA","T","M","EM","IN","<20%",9,6,54,0,0,0,11,4,0,0,0]
[34,"CNT015DC6","Colombia","Nariño","Tumaco","015",5,4,"D","C","CNT015D",6,0,3,"01.80156","078.79236",20191025,"Peri",4,"ES","AT","D","CHA","T","M","EM","IN","<20%","1.5",3,"4.5",0,0,0,14,5,0,0,0]
[35,"CNT015DC7","Colombia","Nariño","Tumaco","015",5,4,"D","C","CNT015D",7,0,3,"01.80156","078.79236",20191025,"Peri",1,"ES","AC","D","cistern","P","M","EM","IN","<20%","1.5","1.5","1.76",0,0,0,7,2,0,0,0]
[36,"CNT019AC2","Colombia","Nariño","Tumaco","019",5,1,"A","C","CNT019A",2,0,8,"01.79805","078.78466",20191030,"Peri",5,"ES","AC","D","jar","T","N",0,"IN","<20%","0.15","0.15","0.0225",0,0,{"$f":"AG37+AF37","v":0},0,0,0,0,0]
[37,"CNT019AC3","Colombia","Nariño","Tumaco","019",5,1,"A","C","CNT019A",3,0,8,"01.79805","078.78466",20191030,"Peri",3,"ES","AC","D-S","EST","P","M","EM","IN","<20%",60,5,300,0,0,{"$f":"AG38+AF38","v":0},6,3,0,0,0]
[38,"CNT019AC5","Colombia","Nariño","Tumaco","019",5,1,"A","C","CNT019A",5,0,8,"01.79805","078.78466",20191030,"Peri",3,"ES","AC","D-S","EST","P","N","EM","IN-PC","<20%",22,"2.8","61.6",0,0,{"$f":"AG39+AF39","v":0},8,4,0,0,0]
[39,"CNT019AC6","Colombia","Nariño","Tumaco","019",5,1,"A","C","CNT019A",6,0,8,"01.79805","078.78466",20191030,"Peri",1,"ES","AC","D","EST","P","N",0,"IN","<20%","0.8","0.8","0.64",0,0,{"$f":"AG40+AF40","v":0},2,1,0,0,0]
[40,"CNT019AC7","Colombia","Nariño","Tumaco","019",5,1,"A","C","CNT019A",7,0,8,"01.79805","078.78466",20191030,"Peri",2,"ES","AC","D","EST","P","N",0,"IN","<20%","0.15","0.15","0.0225",0,0,{"$f":"AG41+AF41","v":0},0,0,0,0,0]
[41,"CNT019AC8","Colombia","Nariño","Tumaco","019",5,1,"A","C","CNT019A",8,0,8,"01.79805","078.78466",20191030,"Peri",3,"ES","AC","S","CHA","T","N","EM","PC","<20%",3,2,6,0,0,0,1,1,0,0,0]
[42,"CNT019AC9","Colombia","Nariño","Tumaco","019",5,1,"A","C","CNT019A",9,0,8,"01.79805","078.78466",20191030,"Peri",2,"ES","AC","D","unusable container","T","N","EM",0,"<20%",20,5,100,0,0,{"$f":"AG43+AF43","v":0},0,0,0,0,0]
[43,"CNT019AC10","Colombia","Nariño","Tumaco","019",5,1,"A","C","CNT019A",10,0,8,"01.79805","078.78466",20191030,"Peri",8,"ES","AC","D","canoe","T","N",0,"IN","<20%",10,"1.6",16,0,0,0,5,2,0,0,0]
[44,"CNT019CC1","Colombia","Nariño","Tumaco","019",5,27,"C","C","CNT019C",1,0,7,"01.79605","078.78300",20191030,"Peri",2,"ES","AC","D","cistern","T","N",0,"IN","<20%",1,1,1,0,0,0,3,1,0,0,0]
[45,"CNT019CC2","Colombia","Nariño","Tumaco","019",5,27,"C","C","CNT019C",2,0,7,"01.79605","078.78300",20191030,"Peri",1,"ES","AC","D","cistern","T","N",0,"IN","<20%","1.2","1.2","1.44",0,0,{"$f":"AG46+AF46","v":0},3,1,0,0,0]
[46,"CNT019CC3","Colombia","Nariño","Tumaco","019",5,27,"C","C","CNT019C",3,0,7,"01.79605","078.78300",20191030,"Peri","1,.5","ES","AC","D","water well","P","N",0,"IN","<20%",1,1,1,0,0,{"$f":"AG47+AF47","v":0},3,1,0,0,0]
[47,"CNT019CC6","Colombia","Nariño","Tumaco","019",5,27,"C","C","CNT019C",6,0,5,"01.79619","078.78172",20191030,"Peri",1,"ES","AC","D","cistern","P","N",0,"IN","<20%","0.5","0.5","0.25",0,0,0,1,1,0,0,0]
[48,"CNT019CC7","Colombia","Nariño","Tumaco","019",5,27,"C","C","CNT019C",7,0,5,"01.79619","078.78172",20191030,"Peri","1.2","ES","AC","D","cistern","P","N",0,"IN","<20%","1.7","1.7","2.89",0,0,0,3,1,0,0,0]
[49,"CNT019CC8","Colombia","Nariño","Tumaco","019",5,27,"C","C","CNT019C",8,0,5,"01.79619","078.78172",20191030,"Peri","1.2","ES","AC","D","cistern","P","N",0,"IN","<20%","1.7","1.7","2.89",0,0,0,1,1,0,0,0]
[50,"CNT019CC9","Colombia","Nariño","Tumaco","019",5,27,"C","C","CNT019C",9,0,5,"01.79619","078.78172",20191030,"Peri","0.3","ES","AC","D","CHA","T","N",0,"IN","<20%",1,"0.5","0.5",0,0,0,4,1,0,0,0]
[51,"CNT021AC2","Colombia","Nariño","Tumaco","021",5,10,"A","C","CNT021A",2,0,4,"01.78675","078.78250",20191025,"Peri",25,"ES","AC","D","canoe","T","N",0,0,"<20%",8,2,16,0,0,{"$f":"AG52+AF52","v":0},7,4,0,0,0]
[52,"CNT021AC3","Colombia","Nariño","Tumaco","021",5,10,"A","C","CNT021A",3,0,4,"01.78675","078.78250",20191025,"Peri",21,"ES","AC","D","Bucket","T","N",0,"IN","<20%","0.45","0.45","0.15",0,0,{"$f":"AG53+AF53","v":0},1,1,0,0,0]
[53,"CNT021AC4","Colombia","Nariño","Tumaco","021",5,10,"A","C","CNT021A",4,0,4,"01.78675","078.78250",20191025,"Peri",2,"ES","AC","D","cistern","T","N",0,0,"<20%","1.2","1.2","1.13",0,0,{"$f":"AG54+AF54","v":0},2,1,0,0,0]
[54,"CNT021BC3","Colombia","Nariño","Tumaco","021",5,10,"B","C","CNT021B",3,0,"4","01.78655","078.78222",20191025,"Peri",90,"ES","AC","D","tire","T","N",0,"IN","<20%",1,1,1,0,0,0,0,0,0,0,0]
[55,"CNT021DC1","Colombia","Nariño","Tumaco","021",5,8,"D","C","CNT021D",1,0,3,"01.78688","078.78513",20191025,"Peri",10,"ES","AC","D","EST","P","M","CR","IN","<20%",40,"1.4",56,0,0,0,6,5,0,0,0]
[56,"CNT022AC1","Colombia","Nariño","Tumaco","021",5,1,"A","C","CNT022A",1,0,20,"01.79575","078.79562",20191011,"Peri",31,"ES","AC","D","EST","P","N","EM","IN","<20%",5,1,5,0,0,0,5,2,0,0,0]
[57,"CNT022AC2","Colombia","Nariño","Tumaco","021",5,1,"A","C","CNT022A",2,0,20,"01.79575","078.79562",20191011,"Peri",31,"ES","AC","D","EST","P","N","EM","IN","<20%",5,1,5,0,0,0,6,3,0,0,0]
[58,"CNT022AC3","Colombia","Nariño","Tumaco","021",5,1,"A","C","CNT022A",3,0,20,"01.79575","078.79562",20191011,"Peri",31,"ES","AC","D","EST","P","N","EM","IN","<20%",5,1,5,0,0,0,4,1,0,0,0]
[59,"CNT022AC4","Colombia","Nariño","Tumaco","021",5,1,"A","C","CNT022A",4,0,20,"01.79575","078.79562",20191011,"Peri",31,"ES","AC","D","EST","P","M","EM","IN","<20%",5,1,5,0,0,0,3,5,0,0,0]
[60,"CNT022AC4","Colombia","Nariño","Tumaco","021",5,1,"A","C","CNT022A",4,0,20,"01.79575","078.79562",20191011,"Peri",31,"ES","AC","D","EST","P","M","EM","IN","<20%",5,1,5,0,0,0,3,5,0,0,0]
[61,"CNT022AC5","Colombia","Nariño","Tumaco","021",5,1,"A","C","CNT022A",5,0,20,"01.79575","078.79562",20191011,"Peri",31,"ES","AC","D","EST","P","N","EM","IN","<20%",5,1,5,0,0,0,4,1,0,0,0]
[62,"CNT023BC4","Colombia","Nariño","Tumaco","023",5,18,"B","C","CNT023B",4,0,7,"01.78226","078.78248",20191029,"Peri",2,"Es","AC","S","EST","T","M","EM","IN","<20%",28,6,168,0,0,0,4,2,0,0,0]
[63,"CNT023BC6","Colombia","Nariño","Tumaco","023",5,18,"B","C","CNT023B",6,0,7,"01.78226","078.78248",20191029,"Peri",1,"Es","AC","D","CHA","T","N",0,"IN","<20%",2,"1.5",3,0,0,0,4,2,0,0,0]
[64,"CNT023BC7","Colombia","Nariño","Tumaco","023",5,18,"B","C","CNT023B",7,0,7,"01.78226","078.78248",20191029,"Peri",1,"Es","AC","S","CHA","T","M","EM","PC","<20%","2.5",1,"2.5",0,0,0,5,1,0,0,0]
[65,"CNT023BC8","Colombia","Nariño","Tumaco","023",5,18,"B","C","CNT023B",8,0,7,"01.78226","078.78248",20191029,"Peri",3,"Es","AC","S","CHA","T","M","EM","IN","<20%",2,"2.8","1.6",0,0,0,6,3,0,0,0]
[66,"CNT023DC1","Colombia","Nariño","Tumaco","023",5,19,"D","C","CNT023D",1,0,7,"01.78313","078.78288",20191029,"Peri",1,"ES","AC","D","cistern","T","N",0,"PC","<20%","1.5","1.5","2.25",0,0,0,1,1,0,0,0]
[67,"CNT023DC2","Colombia","Nariño","Tumaco","023",5,19,"D","C","CNT023D",2,0,7,"01.78313","078.78288",20191029,"Peri",3,"ES","AC","D","cistern","T","N",0,"IN","<20%","1.2","1.2","1.13",0,0,0,2,1,0,0,0]
[68,"CNT023DC4","Colombia","Nariño","Tumaco","023",5,19,"D","C","CNT023D",4,0,7,"01.78313","078.78288",20191029,"Peri",3,"ES","AC","D","cistern","T","N",0,"IN","<20%","1.2","1.2","1.13",0,0,0,3,2,0,0,0]
[69,"CNT023DC5","Colombia","Nariño","Tumaco","023",5,19,"D","C","CNT023D",5,0,7,"01.78313","078.78288",20191029,"Peri",3,"ES","AC","D","cistern","T","N",0,"IN","<20%","1.2","1.2","1.13",0,0,0,2,1,0,0,0]
[70,"CNT023BC1","Colombia","Nariño","Tumaco","023",5,18,"B","C","CNT023B",1,0,5,"01.78242","078.78198",20191029,"Peri",3,"ES","AC","D","canoe","T","N",0,"IN","<20%","6.5","1.4","9.1",0,0,0,1,1,0,0,0]
[71,"CNT023BC2","Colombia","Nariño","Tumaco","023",5,18,"B","C","CNT023B",2,0,5,"01.78242","078.78198",20191029,"Peri",5,"ES","AC","D","canoe","T","N",0,"IN","<20%","6.5","1.4","9.1",0,0,0,1,1,0,0,0]
[72,"CNT023BC3","Colombia","Nariño","Tumaco","023",5,18,"B","C","CNT023B",3,0,5,"01.78242","078.78198",20191029,"Peri",3,"ES","AC","D","canoe","T","N",0,"IN","<20%","6.5","1.4","9.1",0,0,0,1,1,0,0,0]
[73,"CNT023BC9","Colombia","Nariño","Tumaco","023",5,18,"B","C","CNT023B",9,0,5,"01.78242","078.78198",20191029,"Peri","0.5","ES","AC","D","jar","T","N",0,"IN","<20%","0.18","0.18","0.032",0,0,0,1,1,0,0,0]
[74,"CNT023BC10","Colombia","Nariño","Tumaco","023",5,18,"B","C","CNT023B",10,0,5,"01.78242","078.78198",20191029,"Peri","0.5","ES","AC","D","Styrofoam","T","N",0,"IN","<20%","0.1","0.1","0.01",0,0,0,1,1,0,0,0]
[75,"CNT024CC1","Colombia","Nariño","Tumaco","024",5,12,"C","C","CNT024C",1,0,11,"01.79260","078.79221",20191029,"Peri",3,"CO","AT","D","Ditch","T","M","EM","IN","<20%",40,"0.4",16,0,0,0,5,2,0,0,0]
[76,"CNT024CC2","Colombia","Nariño","Tumaco","024",5,12,"C","C","CNT024C",2,0,11,"01.79260","078.79221",20191029,"Peri",3,"CO","AT","D","Ditch","P","M","EM","IN","<20%",30,"0.4",12,0,0,0,6,3,0,0,0]
[77,"CNT024CC3","Colombia","Nariño","Tumaco","024",5,12,"C","C","CNT024C",3,0,11,"01.79260","078.79221",20191029,"Peri",3,"ES","AC","D","CHA","T","N",0,"IN",">80%",8,6,48,0,0,0,3,1,0,0,0]
[78,"CNT024DC1","Colombia","Nariño","Tumaco","024",5,12,"D","C","CNT024D",1,0,6,"01.79254","078.79307",20191029,"Peri",1,"ES","AC","D","CHA","T","M","EM","IN","20-80%",6,5,30,0,0,0,3,2,0,0,0]
[79,"CNT024DC2","Colombia","Nariño","Tumaco","024",5,12,"D","C","CNT024D",2,0,6,"01.79254","078.79307",20191029,"Peri",2,"ES","AC","D","cistern","T","M","EM","IN","<20%","0.45","0.45","0.15",0,0,0,4,3,0,0,0]
[80,"CNT024DC3","Colombia","Nariño","Tumaco","024",5,12,"D","C","CNT024D",3,0,6,"01.79254","078.79307",20191029,"Peri",3,"ES","AC","S","CHA","T","M","EM","IN","20-80%",5,9,45,0,0,0,5,1,0,0,0]
[81,"CNT024DC4","Colombia","Nariño","Tumaco","024",5,12,"D","C","CNT024D",4,0,6,"01.79254","078.79307",20191029,"Peri",4,"ES","AC","D","EST","T","M","EM","IN","<20%",10,6,60,0,0,0,3,2,0,0,0]
[82,"CNT024DC5","Colombia","Nariño","Tumaco","024",5,12,"D","C","CNT024D",5,0,6,"01.79254","078.79307",20191029,"Peri",1,"ES","AT","D","Ditch","P","M","EM","IN","<20%",60,2,120,0,0,0,6,2,0,0,0]
[83,"CNT024DC7","Colombia","Nariño","Tumaco","024",5,12,"D","C","CNT024D",7,0,6,"01.79254","078.79307",20191029,"Peri",3,"ES","AC","D","Ditch","T","M","EM","IN","<20%",200,2,400,0,0,0,8,4,0,0,0]